Philologie et exégèse : trente-cinq annés d'études nervaliennes /

Bibliographic Details
Main Author: Guillaume, Jean
Corporate Authors: Société des études classiques (Namur, Belgium), Editions Peeters
Other Authors: Brix, M., Hulst, Lieven d', Isebaert, L. (Lambert), Pichois, Claude
Format: Book
Language:French
Published: Louvain : Namur : Editions Peeters ; Société des études classiques, 1998.
Series:Collection d'études classiques ; v. 12.
Subjects:

MARC

Tag First Indicator Second Indicator Subfields
LEADER 00000cam a2200000 a 4500
001 in00001510941
005 20151021100749.0
008 990413s1998 fr a b 000 0 fre d
020 |a 9042906944 
035 |a (OCoLC)41154715 
035 |9 AJK9269AM 
040 |a KUK  |c KUK  |d OCL  |d TXA  |d UtOrBLW 
049 |a TXAM 
090 |a PQ2260.G36  |b G84 1998 
100 1 |a Guillaume, Jean. 
245 1 0 |a Philologie et exégèse :  |b trente-cinq annés d'études nervaliennes /  |c Jean Guillaume ; textes réunis par M. Brix, L. D'Hulst et L. Isebaert ; préface de Cl. Pichois. 
264 1 |a Louvain :  |b Editions Peeters ;  |a Namur :  |b  Société des études classiques,  |c 1998. 
300 |a xv, 226 pages :  |b illustrations ;  |c 24 cm. 
336 |a text  |b txt  |2 rdacontent 
337 |a unmediated  |b n  |2 rdamedia 
338 |a volume  |b nc  |2 rdacarrier 
490 1 |a Collection d'études classiques ;  |v v. 12 
504 |a Includes bibliographical references (pages [ix]-xv). 
600 1 0 |a Nerval, Gérard de,  |d 1808-1855. 
650 0 |a Philology. 
700 1 |a Brix, M. 
700 1 |a Hulst, Lieven d'. 
700 1 |a Isebaert, L.  |q (Lambert) 
700 1 |a Pichois, Claude. 
710 2 |a Société des études classiques (Namur, Belgium) 
710 2 |a Editions Peeters. 
830 0 |a Collection d'études classiques ;  |v v. 12. 
948 |a c:jlg 
999 |a MARS 
999 f f |s 489a4c21-27cb-3bd4-b928-02a609ee81cd  |i a75d1b2e-78a2-3886-8cac-240e86b1a1e8  |t 0 
952 f f |p ric  |a Texas A&M University  |b Rellis Campus  |c Joint Library Facility  |d Remote Storage  |t 0  |e PQ2260.G36 G84 1998  |h Library of Congress classification  |i unmediated -- volume  |m A14825324808 
998 f f |a PQ2260.G36 G84 1998  |t 0  |l Remote Storage